| 000 | 00731cam a2200229 a 4500 | ||
|---|---|---|---|
| 001 | 000016047 | ||
| 005 | 20260203124139.0 | ||
| 008 | 801125s1967 sp b 000 0 spa d | ||
| 040 |
_aDO-SdBNP _cNBuU _dDLC _dBNPHU |
||
| 082 |
_a160 _bS717s |
||
| 100 | 1 |
_aSotelo, Ignacio, _d1936- _936016 |
|
| 245 | 1 | 0 |
_aSartre y la razón dialéctica / _cIgnacio Sotelo. |
| 260 |
_aMadrid : _bTecnos, _c1967. |
||
| 300 |
_a158, [3] p. ; _c22 cm. |
||
| 504 | _aIncluye referencias bibliográficas y notas al pie de las páginas | ||
| 600 | 1 | 0 |
_aSARTRE, JEAN-PAUL _d1905-1980. _913414 |
| 650 | 0 |
_aLógica _9332 |
|
| 650 | 0 |
_aExistencialismo _936017 |
|
| 650 | 4 |
_aMaterialismo dialéctico _9845 |
|
| 910 | _aCatalogación derivada | ||
| 049 | _aBNGR | ||
| 999 |
_c15588 _d15588 |
||